00974nam a2200265 a 4500001001000000003000900010005001700019007001000036008003600046020001800082040002500100082002700125100004300152245008900195260004300284300002700327490003400354500006300388500005400451505008700505650003600592650002300628650002200651650003500673000005856DO-SdBPM20250122111824.0000005856090824s2014 dr a 000 0 spa d a9789945162950 aDO-SdBPMbspacBPMSU 4aRD863.5bJ58p 20092221 aJesús Ulerio, Luis Felipe de,d1970-10aTrilogía infantil :b Jade y el pollito amarillo /cLuis Felipe De Jesús Ulerio. aSanto Domingo :bEditora Búho,c2014 a49 p. :bil. ;c22 cm. 0aLos cuentos de Luisito, vII  aIncluye datos biográficos del autor en la contracubierta aIncluye guía de actividades y juegos infantiles aSegunda trilogía infantil : Los cuentos de Luisito tJade y el pollito amarillo  4aCuentos infantiles dominicanos  4a Juegos educativos 4aJuegos infantiles 4aLiteratura infantil dominicana